000 00749nam a22001937a 4500
003 BUBTL
008 240526b ||||| |||| 00| 0 eng d
082 _a348.055492/ G6998b/ 2024
245 _aBLT's 31 Years References on Code of Criminal Procedure, 1898 /
_cSamarendra Nath Goswami
250 _a1st ed.
260 _aDhaka:
_bThe Bangladesh Law Times,
_cc2024
300 _axvii, 652 p.:
_b25 cm.
505 _aBLT's 31 Years References on Code of Criminal Procedure, 1898, Short title Commencement, Trail of offences under Penal Code, Court of Sessions, Executive Magistrates
650 0 _926
_aLaw
700 _95836
_a Goswami, Samarendra Nath
856 _k0
_l0
_yDownload
942 _2ddc
_cBK
999 _c7327
_d7327